00520nam a22001817a 450000500170000001000160001702000260003303500140005903700090007308200150008210000260009724500680012325000060019126000390019727000460023630000270028270000290030920241202150532.0 aENG-1427762 a9789386551832c360.00 aEN-126294 bDBAD a004.67821 aKanetkarm, Yashavant  a21 IOT Experiments/cby Yashavant Kanetkar [and] Shrirang Korde a1 aNew DelhibBPB Publications c2018 aB-14,Connaught Place, bNew Delhie110001 aviii,,266p. c23cm(Hb) aKorde, Shrirang eAuthor